000 00706nam a22001937a 4500
003 OSt
005 20251028012100.0
008 251028b |||||||| |||| 00| 0 eng d
020 _a978-81-7248-518-7
040 _aDWCL - Main Lib
_cOC
082 _aProf. 351.076 C683c 2023
100 _aColas, Ma. Faye M.
245 _aCivil Service Professional and Subjprofessional level :
_bPractice Test /
_cMa. Faye M. Colas
260 _aTacloban City, Philippines :
_bBrainbox publishing,
_cc2023.
300 _avi, 134 pages :
_b illustrations ;
_c21cm.
650 _a1. Civil Service Examination -- Philippines
650 _a2. Civil Service -- Philippines -- Study Guides
942 _2ddc
_cPROF.
_kProf.
_n0
999 _c5189
_d5189